MAASAI MARA UNIVERSITY

LIBRARY CATALOGUE

Contact Us: +254 020 2685356/7 or 0774 057787

Box: 861-20500, NAROK, KENYA

Email: info@mmarau.ac.ke

Playing for Pizza / (Record no. 18807)

MARC details
000 -LEADER
fixed length control field 00501nam a22001937a 4500
003 - CONTROL NUMBER IDENTIFIER
control field OSt
005 - DATE AND TIME OF LATEST TRANSACTION
control field 20201102161320.0
008 - FIXED-LENGTH DATA ELEMENTS--GENERAL INFORMATION
fixed length control field 160815b xxu||||| |||| 00| 0 eng d
020 ## - INTERNATIONAL STANDARD BOOK NUMBER
International Standard Book Number 9780440244714
040 ## - CATALOGING SOURCE
Original cataloging agency MMU
Language of cataloging MMU
Transcribing agency MMU
Modifying agency eng
050 ## - LIBRARY OF CONGRESS CALL NUMBER
Classification number PS3555
Item number .G75 2007
100 ## - MAIN ENTRY--PERSONAL NAME
Personal name Grisham, John
245 ## - TITLE STATEMENT
Title Playing for Pizza /
Statement of responsibility, etc. John Grisham
260 ## - PUBLICATION, DISTRIBUTION, ETC. (IMPRINT)
Place of publication, distribution, etc. New York :
Name of publisher, distributor, etc. Doubleday,
Date of publication, distribution, etc. 2007.
300 ## - PHYSICAL DESCRIPTION
Extent 308 p. :
650 ## - SUBJECT ADDED ENTRY--TOPICAL TERM
Topical term or geographic name as entry element Football Stories
650 ## - SUBJECT ADDED ENTRY--TOPICAL TERM
Topical term or geographic name as entry element sport stopries
942 ## - ADDED ENTRY ELEMENTS (KOHA)
Source of classification or shelving scheme Library of Congress Classification
Koha item type fiction
Holdings
Withdrawn status Lost status Source of classification or shelving scheme Damaged status Not for loan Home library Current library Date acquired Source of acquisition Total Checkouts Full call number Barcode Date last seen Date last checked out Price effective from Koha item type
    Library of Congress Classification     Maasai Mara University Library -Main Campus Maasai Mara University Library -Main Campus 08/15/2016 Donation 4 Fic. PS3555.G75 201517557 02/22/2018 02/08/2018 08/15/2016 fiction
© 2016 Maasai Mara University.